50 x 50 Multiplication Table in 50 Minutes - Statistics

General Stats
  • This quiz has been taken 3,291 times
  • The average score is 1494 of 2500
Answer Stats
# % Correct
1
99%
2
99%
3
99%
4
99%
5
99%
6
98%
7
98%
8
98%
9
98%
10
97%
11
97%
12
97%
20
97%
13
96%
14
96%
15
96%
16
96%
17
96%
18
96%
21
96%
22
96%
23
96%
25
96%
30
96%
40
96%
50
96%
19
95%
24
95%
26
95%
27
95%
28
95%
29
95%
32
95%
33
95%
34
95%
35
95%
36
95%
37
95%
38
95%
44
95%
45
95%
31
94%
39
94%
41
94%
42
94%
43
94%
46
94%
47
94%
48
94%
49
94%
60
93%
52
92%
54
92%
56
92%
70
92%
100
91%
66
91%
80
91%
90
91%
51
90%
55
90%
58
90%
62
90%
64
90%
72
90%
57
89%
63
89%
65
89%
75
89%
78
89%
88
89%
68
88%
74
88%
76
88%
82
88%
84
88%
96
88%
69
87%
86
87%
92
87%
98
87%
99
87%
81
86%
85
86%
94
86%
95
86%
250
85%
77
85%
93
85%
105
84%
110
84%
120
84%
150
84%
200
84%
87
84%
102
83%
130
82%
140
82%
300
82%
108
81%
111
81%
115
81%
160
81%
180
81%
91
81%
104
80%
112
80%
125
80%
135
80%
190
80%
400
80%
500
80%
114
79%
117
79%
126
79%
132
79%
170
79%
210
79%
240
79%
123
78%
144
78%
145
78%
165
78%
220
78%
350
78%
1000
77%
116
77%
124
77%
128
77%
155
77%
175
77%
195
77%
230
77%
450
77%
129
76%
138
76%
147
76%
225
76%
600
76%
136
75%
156
75%
185
75%
205
75%
215
75%
700
75%
141
74%
152
74%
168
74%
176
74%
196
74%
235
74%
245
74%
270
74%
280
74%
550
74%
800
74%
900
74%
119
73%
121
73%
148
73%
192
73%
260
73%
650
73%
750
73%
164
72%
172
72%
184
72%
320
72%
360
72%
133
71%
154
71%
188
71%
2500
71%
330
71%
340
71%
420
71%
440
71%
480
71%
850
71%
950
71%
1100
70%
162
70%
198
70%
222
70%
380
70%
390
70%
1050
69%
1200
69%
143
69%
186
69%
290
69%
310
69%
460
69%
1300
68%
161
68%
174
68%
182
68%
2000
68%
204
68%
216
68%
234
68%
490
68%
1150
67%
1250
67%
1400
67%
1500
67%
153
67%
1600
67%
171
67%
189
67%
228
67%
275
67%
370
67%
410
67%
430
67%
470
67%
540
67%
1350
66%
1700
66%
1800
66%
224
66%
252
66%
264
66%
288
66%
294
66%
560
66%
1450
65%
1550
65%
169
65%
1900
65%
208
65%
246
65%
276
65%
315
65%
325
65%
520
65%
660
65%
1650
64%
1750
64%
1850
64%
187
64%
203
64%
207
64%
217
64%
231
64%
256
64%
258
64%
282
64%
333
64%
720
64%
1950
63%
2100
63%
2200
63%
2300
63%
232
63%
238
63%
2400
63%
248
63%
255
63%
266
63%
308
63%
336
63%
375
63%
405
63%
780
63%
2050
62%
209
62%
2150
62%
2250
62%
2350
62%
2450
62%
273
62%
287
62%
312
62%
322
62%
510
62%
525
62%
580
62%
640
62%
675
62%
680
62%
840
62%
243
61%
253
61%
259
61%
272
61%
279
61%
301
61%
304
61%
324
61%
343
61%
345
61%
352
61%
425
61%
555
61%
570
61%
630
61%
760
61%
880
61%
960
61%
242
60%
261
60%
285
60%
286
60%
296
60%
297
60%
328
60%
329
60%
342
60%
344
60%
368
60%
378
60%
384
60%
385
60%
392
60%
441
60%
444
60%
475
60%
495
60%
620
60%
690
60%
860
60%
920
60%
980
60%
221
59%
306
59%
351
59%
369
59%
374
59%
376
59%
396
59%
414
59%
432
59%
484
59%
625
59%
740
59%
820
59%
940
59%
341
58%
387
58%
423
58%
575
58%
247
57%
319
57%
348
57%
363
57%
418
57%
435
57%
456
57%
462
57%
528
57%
775
57%
810
57%
990
57%
299
56%
372
56%
407
56%
429
56%
451
56%
455
56%
465
56%
473
56%
506
56%
539
56%
585
56%
725
56%
825
56%
875
56%
925
56%
1025
55%
1080
55%
1125
55%
1225
55%
338
55%
364
55%
408
55%
468
55%
504
55%
517
55%
552
55%
576
55%
588
55%
616
55%
735
55%
870
55%
975
55%
1040
54%
1075
54%
1175
54%
416
54%
492
54%
564
54%
645
54%
930
54%
1020
53%
1110
53%
1120
53%
1320
53%
1440
53%
289
53%
377
53%
442
53%
516
53%
615
53%
705
53%
1140
52%
1160
52%
1170
52%
1260
52%
403
52%
406
52%
448
52%
546
52%
595
52%
1230
51%
1240
51%
1280
51%
1290
51%
1380
51%
1410
51%
1470
51%
1680
51%
323
51%
434
51%
481
51%
494
51%
572
51%
666
51%
765
51%
1360
50%
1480
50%
1520
50%
1560
50%
1640
50%
357
50%
361
50%
476
50%
507
50%
533
50%
598
50%
624
50%
672
50%
770
50%
1720
49%
1760
49%
1840
49%
1880
49%
1920
49%
1960
49%
399
49%
464
49%
532
49%
559
49%
574
49%
637
49%
644
49%
665
49%
777
49%
855
49%
496
48%
512
48%
518
48%
611
48%
658
48%
676
48%
686
48%
945
48%
391
47%
544
47%
602
47%
888
47%
910
47%
493
46%
608
46%
768
46%
784
46%
805
46%
1035
45%
437
45%
459
45%
483
45%
656
45%
704
45%
736
45%
999
45%
486
44%
522
44%
527
44%
529
44%
567
44%
592
44%
612
44%
688
44%
1215
43%
513
43%
551
43%
558
43%
561
43%
578
43%
594
43%
646
43%
752
43%
756
43%
798
43%
882
43%
1015
42%
1305
42%
609
42%
648
42%
651
42%
663
42%
702
42%
714
42%
738
42%
748
42%
782
42%
792
42%
833
42%
836
42%
864
42%
1008
41%
1085
41%
1395
41%
589
41%
629
41%
682
41%
684
41%
697
41%
779
41%
799
41%
816
41%
828
41%
912
41%
931
41%
987
41%
1575
40%
627
40%
638
40%
667
40%
693
40%
722
40%
731
40%
774
40%
846
40%
874
40%
893
40%
924
40%
1012
39%
1029
39%
1155
39%
1190
39%
1485
39%
1530
39%
1620
39%
703
39%
726
39%
741
39%
744
39%
817
39%
819
39%
858
39%
861
39%
902
39%
903
39%
966
39%
1056
38%
1078
38%
1295
38%
1330
38%
1435
38%
1505
38%
1540
38%
1610
38%
1715
38%
621
38%
696
38%
814
38%
968
38%
1034
37%
1365
37%
1645
37%
1665
37%
1710
37%
2025
37%
713
37%
728
37%
832
37%
946
37%
1176
36%
1755
36%
1890
36%
1980
36%
754
36%
759
36%
806
36%
851
36%
936
36%
984
36%
1104
35%
1127
35%
1152
35%
1845
35%
1935
35%
2070
35%
2160
35%
2205
35%
729
35%
783
35%
868
35%
884
35%
897
35%
899
35%
943
35%
989
35%
1032
34%
1058
34%
1128
34%
2115
34%
812
34%
837
34%
988
34%
1081
33%
1092
33%
1248
33%
1274
33%
841
33%
1014
32%
1024
32%
1066
32%
1144
32%
1222
32%
891
32%
896
32%
962
32%
972
32%
992
32%
1026
31%
1296
31%
918
31%
928
31%
952
31%
957
31%
961
31%
986
31%
1023
30%
1036
30%
1053
30%
1107
30%
1118
30%
1131
30%
1134
30%
1196
30%
1323
30%
1344
30%
1372
30%
1421
30%
1044
29%
1054
29%
1064
29%
1102
29%
1116
29%
1148
29%
1188
29%
1271
29%
1488
29%
1519
29%
1073
28%
1088
28%
1161
28%
1178
28%
1189
28%
1218
28%
1232
28%
1302
28%
1333
28%
1364
28%
1392
28%
1568
28%
1147
27%
1204
27%
1209
27%
1242
27%
1247
27%
1269
27%
1276
27%
1288
27%
1334
27%
1457
27%
1184
26%
1216
26%
1312
26%
1316
26%
1363
26%
1426
26%
1666
26%
1089
25%
1122
25%
1376
25%
1408
25%
1472
25%
1536
25%
1584
25%
1617
25%
1764
25%
1156
24%
1221
24%
1224
24%
1504
24%
2009
24%
1353
23%
1386
23%
1394
23%
1813
23%
2401
23%
1287
22%
1428
22%
1452
22%
1496
22%
1632
22%
1728
22%
1862
22%
1911
22%
2058
22%
1254
21%
1258
21%
1326
21%
1419
21%
1462
21%
1476
21%
1512
21%
1518
21%
1551
21%
1564
21%
1598
21%
1776
21%
2156
21%
1292
20%
1332
20%
1368
20%
1404
20%
1444
20%
1548
20%
1554
20%
1656
20%
1722
20%
1968
20%
2016
20%
2107
20%
2254
20%
2303
20%
2352
20%
1443
19%
1517
19%
1558
19%
1596
19%
1599
19%
1681
19%
1692
19%
1702
19%
1804
19%
1824
19%
1872
19%
2112
19%
1369
18%
1482
18%
1521
18%
1591
18%
1628
18%
1634
18%
1638
18%
1672
18%
1716
18%
1763
18%
1848
18%
1886
18%
1927
18%
2024
18%
2208
18%
2304
18%
1406
17%
1677
17%
1739
17%
1748
17%
1786
17%
1794
17%
1806
17%
1833
17%
1936
17%
1974
17%
2064
17%
2256
17%
1932
16%
1978
16%
2021
16%
2068
16%
2116
16%
1849
15%
1892
15%
2162
15%
2209
15%
No matching quizzes found
Score Distribution
Percent of People with Each Score
Percentile by Number Answered
Your Score History
You have not taken this quiz